000 00723nam a22002297a 4500
003 UA-OsUOA
001 135707
007 ta
008 20190212b un ||||| |||| 00| 0 ukr d
090 _a323(477)
_bТ65
942 _cBK
040 _aUA-OsUOA
_bukr
_cUA-OsUOA
_dUA-OsUOA
245 _aТрансформації суспільних настроїв в умовах протидії агресії Росії на Донбасі
_bрегіональний вимір
_cнаук. ред. О. Гарань
300 _a235 с.
955 _a1
041 _aukr
080 _a323(477)
020 _a978-966-2399-45-5
260 _aК.
_bСтилос
_c2017
650 7 _a32 Політика
_2UDC
999 _c409138
_d409138